Kazachstan nechce byť len "-stanom"

Ambície Kazachstanu etablovať sa v regióne ako regionálna mocnosť. Úctyhodnosť rozlohy Kazachstanu, je situovaný medzi Čínou a Ruskom. Čína, Rusko a Západ sa uchádzajú o priazeň Kazachstanu. Hospodársky rast krajiny. Veľké nerastné bohatstvo krajiny. Rozsiahle zásoby uránu. Zahraničné investície v K...

Descrizione completa

Salvato in:
Dettagli Bibliografici
Autore principale: Pressburg, Adrian Peter
Natura: Capitolo di libro
Lingua:slovacco
Soggetti:
Tags: Aggiungi Tag
Nessun Tag, puoi essere il primo ad aggiungerne!!

MARC

LEADER 00000naa$a2200000$$$4500
001 0061639
005 20231009073726.3
041 0 |a slo 
044 |a SK 
245 1 0 |a Kazachstan nechce byť len "-stanom"  |c Adrian Peter Pressburg 
520 |a Ambície Kazachstanu etablovať sa v regióne ako regionálna mocnosť. Úctyhodnosť rozlohy Kazachstanu, je situovaný medzi Čínou a Ruskom. Čína, Rusko a Západ sa uchádzajú o priazeň Kazachstanu. Hospodársky rast krajiny. Veľké nerastné bohatstvo krajiny. Rozsiahle zásoby uránu. Zahraničné investície v Kazachstane. Vzťahy s Ruskom. Problémy na hraniciach s Čínou. 
610 2 0 |a vývoj hospodársky 
610 2 0 |a bohatstvo prírodné 
610 2 0 |a suroviny nerastné 
610 2 0 |a urán 
610 2 0 |a investície zahraničné 
610 2 0 |a spolupráca hospodárska medzinárodná 
610 2 0 |a Kazachstan 
100 1 |a Pressburg, Adrian Peter